[Event "RUS-Cup5"]
[Site "Ekaterinburg"]
[Date "1997.??.??"]
[Round "6"]
[White "Galkin, Alexander"]
[Black "Malaniuk, Vladimir P"]
[Result "1/2-1/2"]
[WhiteElo "2510"]
[BlackElo "2610"]
[PlyCount "28"]
[EventDate "1997.02.13"]
[Source "ChessBase"]

1. e4 e5 2. Nf3 Nc6 3. Bb5 a6 4. Ba4 Nf6 5. d4 Nxd4 6. Nxd4 exd4 7. O-O b5 8. Bb3 d6 9. Bd5 Rb8 10. Qxd4 Be7 11. Bc6+ Bd7 12. Bxd7+ Qxd7 13. Nc3 O-O 14. a3 Rfe8 1/2-1/2

[Event "Moscow ol (Men)"]
[Site "Moscow"]
[Date "1994.??.??"]
[Round "1"]
[White "Isaev, Jamshed"]
[Black "Piket, Jeroen"]
[Result "0-1"]
[WhiteElo "2380"]
[BlackElo "2640"]
[PlyCount "92"]
[EventDate "1994.11.??"]
[Source "ChessBase"]

1. e4 e5 2. Nf3 Nc6 3. Bb5 a6 4. Ba4 Nf6 5. d4 Nxe4 6. Qe2 f5 7. d5 Na7 8. Nxe5 Qf6 9. Nd3 Be7 10. O-O O-O 11. Be3 Bd6 12. Bb3 b6 13. f3 Nc5 14. Nxc5 Bxc5 15. Bxc5 bxc5 16. c3 d6 17. Nd2 Bd7 18. Rfe1 Nc8 19. Bc4 a5 20. Bb5 Nb6 21. Bxd7 Nxd7 22. Qb5 Qf7 23. f4 Rab8 24. Qxa5 Nf6 25. c4 Rxb2 26. Qc3 Rb4 27. a3 Ra4 28. Qc2 Qd7 29. Re6 g6 30. Qc3 Qg7 31. Rae1 Nh5 32. Qxg7+ Kxg7 33. Re7+ Rf7 34. Rxf7+ Kxf7 35. Re3 Nxf4 36. Kf2 Nh5 37. Rb3 Nf6 38. Ke2 Ne4 39. Rb7 Rxa3 40. Rxc7+ Kf6 41. Nxe4+ fxe4 42. Rxh7 Ke5 43. Re7+ Kd4 44. Re6 Ra2+ 45. Kf1 e3 46. g4 Kd3 0-1

[Event "06"]
[Site "06, Lone Pine"]
[Date "1976.??.??"]
[Round "?"]
[White "Smyslov, Vassily V"]
[Black "Grefe, John A"]
[Result "1/2-1/2"]
[WhiteElo "2580"]
[BlackElo "2420"]
[PlyCount "38"]
[EventDate "1976.??.??"]
[Source "www.chesslib.no"]
[SourceDate "2004.05.04"]

1. e4 e5 2. Nf3 Nc6 3. Bb5 a6 4. Ba4 Nf6 5. d4 Nxe4 6. Qe2 d5 7. Nxe5 Be6 8. c4 Bb4+ 9. Kf1 O-O 10. Bxc6 bxc6 11. Nxc6 Qd6 12. Nxb4 Qxb4 13. f3 Nd6 14. b3 dxc4 15. Ba3 Qb7 16. Bxd6 cxd6 17. Nd2 cxb3 18. axb3 Rfe8 19. Qd3 Bd7 1/2-1/2

[Event "Kubanskaja Osen"]
[Site "?"]
[Date "2002.11.23"]
[Round "9"]
[White "Bryzgalin Kirill"]
[Black "Malaniuk Vladimir P"]
[Result "1/2-1/2"]
[WhiteElo "2439"]
[BlackElo "2556"]
[PlyCount "135"]
[EventDate "2002.??.??"]
[Source "www.chesslib.no"]
[SourceDate "2004.05.04"]

1. e4 e5 2. Nf3 Nc6 3. Bb5 a6 4. Ba4 Nf6 5. d4 Nxd4 6. Nxd4 exd4 7. O-O b5 8. Bb3 Bb7 9. Re1 d6 10. c3 dxc3 11. e5 dxe5 12. Rxe5+ Be7 13. Qe1 Kf8 14. Nxc3 Bd6 15. Re2 Qd7 16. h3 Qc6 17. Qf1 b4 18. Na4 Qb5 19. Be3 Nd5 20. Bxd5 Bxd5 21. b3 h5 22. Rc1 h4 23. Qd1 Be6 24. Bc5 Kg8 25. Re4 a5 26. Bxd6 cxd6 27. Qxd6 Rh6 28. Re5 Qe8 29. Rd1 Rc8 30. Nc5 Qc6 31. Nxe6 Qxd6 32. Rxd6 Rc1+ 33. Kh2 Rxe6 34. Rdxe6 fxe6 35. Rxa5 Rc2 36. f3 Kf7 37. Ra4 g5 38. Rxb4 Rxa2 39. Rg4 Kf6 40. Kg1 e5 41. Kf1 Rb2 42. b4 Kg6 43. Ke1 Kh5 44. Kf1 Kg6 45. Rc4 Kf5 46. Kg1 Kf6 47. Rc6+ Kf5 48. Rb6 Kf4 49. Kh2 e4 50. fxe4 Kxe4 51. Rb8 Rb1 52. b5 Kf5 53. b6 Kg6 54. g4 hxg3+ 55. Kxg3 Rb3+ 56. Kg4 Rb4+ 57. Kf3 Kg7 58. Kg3 Kh7 59. Kf3 Rh4 60. Rd8 Rxh3+ 61. Ke4 Rb3 62. Rd6 g4 63. Kd4 g3 64. Kc5 g2 65. Rd1 Kh6 66. Kc6 Kh5 67. Rg1 Rb2 68. b7 1/2-1/2

[Event "Lewkowitz Memorial B"]
[Site "Lewkowitz Memorial B"]
[Date "1994.??.??"]
[Round "?"]
[White "Podkrajsek, Janez"]
[Black "Perlo, Gerardus C. van"]
[Result "1-0"]
[WhiteElo "2540"]
[BlackElo "2440"]
[PlyCount "49"]
[EventDate "1994.??.??"]
[Source "www.chesslib.no"]
[SourceDate "2004.05.04"]

1. e4 e5 2. Nf3 Nc6 3. Bb5 a6 4. Ba4 Nf6 5. d4 exd4 6. O-O Nxe4 7. Re1 d5 8. c4 Bb4 9. cxd5 Bxe1 10. Qxe1 O-O 11. Qxe4 Re8 12. Qf4 Qxd5 13. Nbd2 b5 14. Bb3 Qd7 15. Ne4 Nd8 16. Bd2 Qe7 17. Neg5 Qf6 18. Qxc7 Be6 19. Re1 Re7 20. Qc2 g6 21. Ne4 Qg7 22. Bg5 Bxb3 23. Qxb3 Re6 24. Nf6+ Kh8 25. Qd5 1-0

[Event "Spartakiade tt 8th"]
[Site "Moscow RUS"]
[Date "1983.??.??"]
[Round "6"]
[White "Mnatsakanian, Eduard A"]
[Black "Dorfman, Josif D"]
[Result "1/2-1/2"]
[WhiteElo "2435"]
[BlackElo "2540"]
[PlyCount "83"]
[EventDate "1983.07.??"]
[Source "www.chesslib.no"]
[SourceDate "2004.05.04"]

1. e4 e5 2. Nf3 Nc6 3. Bb5 a6 4. Ba4 Nf6 5. d4 Nxd4 6. Nxd4 exd4 7. e5 Ne4 8. Qxd4 Nc5 9. O-O Be7 10. Nc3 O-O 11. Rd1 d6 12. Be3 Nxa4 13. Qxa4 Bd7 14. Qd4 Bc6 15. Bf4 Re8 16. exd6 Bxd6 17. Bxd6 cxd6 18. Rd3 Qg5 19. Rg3 Qe5 20. Qd2 Re6 21. h3 Rae8 22. Rd1 h6 23. b3 Qf5 24. Qd4 Rg6 25. Qd3 Qxd3 26. Rdxd3 Rxg3 27. fxg3 Re1+ 28. Kf2 Rc1 29. Rd2 Kf8 30. Ne2 Ra1 31. Rxd6 Rxa2 32. Rd2 a5 33. Nd4 Bd7 34. Ke3 Ra1 35. g4 Re1+ 36. Kf2 Re4 37. Ne2 Ke8 38. Rd5 b6 39. Nd4 Ke7 40. Nf5+ Bxf5 41. gxf5 Rb4 42. Ke3 1/2-1/2

[Event "Kuban Spring"]
[Site "?"]
[Date "2002.04.??"]
[Round "?"]
[White "Stambulian Arsen"]
[Black "Malaniuk Vladimir P"]
[Result "1/2-1/2"]
[WhiteElo "2411"]
[BlackElo "2555"]
[PlyCount "50"]
[EventDate "2002.??.??"]
[Source "www.chesslib.no"]
[SourceDate "2004.05.04"]

1. e4 e5 2. Nf3 Nc6 3. Bb5 a6 4. Ba4 Nf6 5. d4 Nxd4 6. Nxd4 exd4 7. e5 Ne4 8. Qxd4 Nc5 9. Nc3 Be7 10. O-O O-O 11. Be3 Nxa4 12. Qxa4 d5 13. exd6 Bxd6 14. Rad1 Qf6 15. Ne4 Qxb2 16. Nxd6 cxd6 17. Rxd6 Be6 18. a3 b5 19. Qa5 Qxc2 20. Rxa6 Rad8 21. h3 Bc4 22. Rc1 Rd1+ 23. Rxd1 Qxd1+ 24. Kh2 Qd5 25. Qd2 Qxd2 1/2-1/2

[Event "Dubai op"]
[Site "Dubai"]
[Date "2001.04.15"]
[Round "1"]
[White "Mahdi, Khaled"]
[Black "Aleksandrov, Aleksej"]
[Result "1/2-1/2"]
[WhiteElo "2354"]
[BlackElo "2610"]
[PlyCount "53"]
[EventDate "2001.04.15"]
[Source "ChessBase"]
[SourceDate "2001.07.05"]

1. e4 e5 2. Nf3 Nc6 3. Bb5 Nf6 4. d3 d6 5. c3 g6 6. O-O Bg7 7. Re1 O-O 8. Nbd2 a6 9. Ba4 Nd7 10. Nf1 Nc5 11. Bc2 Ne6 12. Ne3 Kh8 13. Nd5 f5 14. exf5 gxf5 15. d4 e4 16. Nd2 Ne7 17. Nxe7 Qxe7 18. d5 Nf4 19. Nc4 Ng6 20. a4 Qh4 21. Re3 f4 22. Rxe4 Bf5 23. Nd2 Bxe4 24. Bxe4 Rae8 25. Nf3 Qh5 26. Qc2 Nh4 27. Bd2 1/2-1/2

[Event "URS-ch U26"]
[Site "Vilnius"]
[Date "1978.??.??"]
[Round "1"]
[White "Panchenko, Alexander N"]
[Black "Mikhalchishin, Adrian"]
[Result "1-0"]
[WhiteElo "2495"]
[BlackElo "2460"]
[PlyCount "45"]
[EventDate "1978.??.??"]
[Source "ChessBase"]

1. e4 e5 2. Nf3 Nc6 3. Bb5 Nf6 4. d3 d6 5. c3 a6 6. Ba4 Be7 7. O-O O-O 8. Re1 Re8 9. Nbd2 Bf8 10. Nf1 g6 11. Bg5 h6 12. Bh4 Bg7 13. Ne3 b5 14. Bb3 Qd7 15. Nd5 Nh5 16. d4 Bb7 17. dxe5 dxe5 18. Qc2 Re6 19. Rad1 Rd6 20. c4 bxc4 21. Ba4 g5 22. Bg3 f5 23. Qxc4 1-0

[Event "EU-chT U18"]
[Site "Balatonlelle"]
[Date "2000.07.10"]
[Round "2"]
[White "Bokros, Albert"]
[Black "Markus, Robert"]
[Result "1/2-1/2"]
[WhiteElo "2479"]
[BlackElo "2465"]
[PlyCount "46"]
[EventDate "2000.07.09"]
[Source "ChessBase"]
[SourceDate "2000.09.14"]

1. e4 e5 2. Nf3 Nc6 3. Bb5 a6 4. Ba4 Nf6 5. d4 Nxd4 6. Nxd4 exd4 7. e5 Ne4 8. Qxd4 Nc5 9. Nc3 Be7 10. Qg4 Kf8 11. Qf3 Nxa4 12. Nxa4 d5 13. exd6 Bxd6 14. Be3 Qh4 15. Nc3 Qb4 16. O-O Bg4 17. Qe4 Qxe4 18. Nxe4 Be7 19. Rfe1 f6 20. Bf4 Rc8 21. f3 Bf5 22. g4 Bxe4 23. Rxe4 Kf7 1/2-1/2

[Event "Rakovica"]
[Site "Belgrade"]
[Date "1982.??.??"]
[Round "?"]
[White "Govedarica, Radovan"]
[Black "Agzamov, Georgy"]
[Result "1/2-1/2"]
[WhiteElo "2395"]
[BlackElo "2530"]
[PlyCount "29"]
[EventDate "1982.09.??"]
[Source "ChessBase"]

1. e4 e5 2. Nf3 Nc6 3. Bb5 a6 4. Ba4 Nf6 5. d4 Nxd4 6. Nxd4 exd4 7. e5 Ne4 8. Qxd4 Nc5 9. Nc3 Be7 10. O-O O-O 11. Nd5 d6 12. Nxe7+ Qxe7 13. exd6 Qxd6 14. Qxd6 cxd6 15. Bb3 1/2-1/2

[Event "Pardubice Czech op"]
[Site "Pardubice"]
[Date "2002.07.23"]
[Round "5"]
[White "Manik, Mikulas"]
[Black "Grabarczyk, Miroslaw"]
[Result "1/2-1/2"]
[WhiteElo "2410"]
[BlackElo "2514"]
[PlyCount "40"]
[EventDate "2002.07.19"]
[Source "ChessBase"]
[SourceDate "2002.09.11"]

1. e4 e5 2. Nf3 Nc6 3. Bb5 Nf6 4. d3 d6 5. c3 a6 6. Ba4 g6 7. O-O Bg7 8. Re1 O-O 9. Nbd2 b5 10. Bb3 Na5 11. Bc2 c5 12. Nf1 Re8 13. Ng3 h6 14. h3 Bb7 15. Nh2 d5 16. Ng4 Nxg4 17. Qxg4 dxe4 18. dxe4 Bc8 19. Qf3 Be6 20. Nf1 Nc4 1/2-1/2

[Event "otb"]
[Site "otb"]
[Date "2007.05.18"]
[Round "2.1"]
[White "Pavicic Zeljko"]
[Black "Mihalcisin Adrian"]
[Result "0-1"]
[WhiteElo "2393"]
[BlackElo "2527"]
[PlyCount "82"]
[Source "www.chesslib.no"]
[SourceDate "2004.05.04"]

1. e4 e5 2. Nf3 Nc6 3. Bb5 a6 4. Ba4 Nf6 5. d4 Nxd4 6. Nxd4 exd4 7. e5 Ne4 8. Qxd4 Nc5 9. Nc3 Be7 10. Qg4 Kf8 11. Bb3 d5 12. Qf3 c6 13. O-O h5 14. h3 g5 15. Be3 g4 16. hxg4 Bxg4 17. Qg3 Nxb3 18. axb3 d4 19. f3 Bh4 20. Qf4 dxe3 21. fxg4 Bf2+ 22. Rxf2 exf2+ 23. Qxf2 hxg4 24. Rf1 Rh7 25. Ne4 g3 26. Nxg3 Qh4 27. Re1 Re8 28. Re4 Qh2+ 29. Kf1 Rg7 30. Re3 Re6 31. Qf4 Qh6 32. Qd4 Qg5 33. Kf2 Rh7 34. Qb4+ Qe7 35. Qf4 Qh4 36. Qf5 Rg7 37. Qd3 Rg4 38. Kg1 Reg6 39. Kf2 Rd4 40. Qe2 Rf4+ 41. Kg1 Rxg3 0-1

[Event "Liberation tourn"]
[Site "Zagreb CRO"]
[Date "1971.??.??"]
[Round "3"]
[White "Minic, Dragoljub"]
[Black "Kovacevic, Vlatko"]
[Result "1/2-1/2"]
[WhiteElo "2490"]
[BlackElo "2430"]
[PlyCount "28"]
[EventDate "1971.04.??"]
[Source "www.chesslib.no"]
[SourceDate "2004.05.04"]

1. e4 e5 2. Nf3 Nc6 3. Bb5 a6 4. Ba4 Nf6 5. d4 Nxe4 6. Qe2 b5 7. Qxe4 d5 8. Qe3 bxa4 9. Nxe5 Nxe5 10. Qxe5+ Qe7 11. Qxe7+ Bxe7 12. Nc3 Bb4 13. Bd2 Bxc3 14. Bxc3 Bf5 1/2-1/2

[Event "Lvov"]
[Site "Lvov"]
[Date "1984.??.??"]
[Round "5"]
[White "Georgiev, Kiril"]
[Black "Malaniuk, Vladimir P"]
[Result "1/2-1/2"]
[WhiteElo "2430"]
[BlackElo "2485"]
[PlyCount "25"]
[EventDate "1984.02.??"]
[Source "ChessBase"]

1. e4 e5 2. Nf3 Nc6 3. Bb5 a6 4. Ba4 Nf6 5. d4 Nxd4 6. Nxd4 exd4 7. e5 Ne4 8. Qxd4 Nc5 9. Nc3 Be7 10. O-O O-O 11. Rd1 d6 12. Be3 Be6 13. Bb3 1/2-1/2

[Event "Tch (Men) 2005/2006 GER"]
[Site "?"]
[Date "2006.04.01"]
[Round "10"]
[White "Paehtz Elisabeth"]
[Black "Grabarczyk Miroslaw"]
[Result "1/2-1/2"]
[WhiteElo "2438"]
[BlackElo "2469"]
[PlyCount "159"]
[EventDate "2006.??.??"]
[Source "www.chesslib.no"]
[SourceDate "2004.05.04"]

1. e4 e5 2. Nf3 Nc6 3. Bb5 Nf6 4. d3 d6 5. c3 a6 6. Ba4 g6 7. Nbd2 Bg7 8. Nf1 O-O 9. Ng3 b5 10. Bc2 Bb7 11. O-O Nb8 12. d4 Nbd7 13. Re1 Re8 14. a4 c5 15. dxe5 dxe5 16. b3 Qc7 17. Qe2 Bc6 18. Be3 Ng4 19. Nf1 Nxe3 20. Nxe3 Qb7 21. Nd2 Nf8 22. axb5 axb5 23. Ndf1 Ne6 24. f3 Rf8 25. Qf2 b4 26. cxb4 Qxb4 27. Nc4 Qc3 28. Rxa8 Rxa8 29. Qd2 Qd4+ 30. Qxd4 Nxd4 31. Bd1 Ra1 32. Nfe3 Bh6 33. Ng4 Bf4 34. g3 Nxf3+ 35. Bxf3 Rxe1+ 36. Kf2 Rb1 37. gxf4 exf4 38. Nge5 Bb5 39. Nd2 Rb2 40. Ke1 Rc2 41. Nec4 Rc3 42. e5 Bxc4 43. bxc4 Re3+ 44. Kf2 Rxe5 45. Bd5 Re3 46. Ne4 Kg7 47. Nxc5 g5 48. Ne4 g4 49. c5 f5 50. Nd6 Re5 51. c6 Rxd5 52. c7 Rd2+ 53. Ke1 Rc2 54. c8=Q Rxc8 55. Nxc8 Kf6 56. Nd6 h5 57. Kf2 h4 58. h3 Ke6 59. Nc4 Kd5 60. Nd2 Kd4 61. Ke2 Kd5 62. Ke1 Ke5 63. Kf2 Kd4 64. Ke2 Ke5 65. Kf2 Kf6 66. Kg2 Kg6 67. Kf2 Kf6 68. Ke2 Ke6 69. Kf2 Ke5 70. Kf1 Kd4 71. Kf2 Kd3 72. Nf3 gxf3 73. Kxf3 Kd2 74. Kf2 f3 75. Kxf3 Ke1 76. Kf4 Kf2 77. Kxf5 Kf3 78. Ke5 Kg3 79. Ke4 Kxh3 80. Kf3 1/2-1/2

[Event "Alushta Autumn III"]
[Site "Alushta"]
[Date "2002.09.29"]
[Round "4"]
[White "Obukhov, Alexander"]
[Black "Shtyrenkov, Veniamen"]
[Result "1-0"]
[WhiteElo "2444"]
[BlackElo "2457"]
[PlyCount "61"]
[EventDate "2002.09.27"]
[Source "ChessBase"]
[SourceDate "2002.11.06"]

1. e4 e5 2. Nf3 Nc6 3. Bb5 a6 4. Ba4 Nf6 5. d4 exd4 6. O-O b5 7. Bb3 d6 8. Ng5 Ne5 9. f4 Nc4 10. e5 Ng4 11. Bxc4 bxc4 12. e6 Nh6 13. exf7+ Nxf7 14. Qxd4 Nxg5 15. fxg5 Be6 16. Re1 Kd7 17. Na3 Be7 18. Nxc4 Re8 19. Ne5+ Kc8 20. Nf3 Bf8 21. Bf4 Bd7 22. Rxe8 Qxe8 23. Re1 Qf7 24. c4 Bc6 25. Bg3 Kb7 26. Re3 Re8 27. Rb3+ Kc8 28. Ra3 Re4 29. Qa7 Bb7 30. Rb3 c5 31. g6 1-0

[Event "Ch team"]
[Site "?"]
[Date "2001.??.??"]
[Round "7"]
[White "Bokros Albert"]
[Black "Markus Robert"]
[Result "1-0"]
[WhiteElo "2444"]
[BlackElo "2452"]
[PlyCount "132"]
[EventDate "2001.??.??"]
[Source "www.chesslib.no"]
[SourceDate "2004.05.04"]

1. e4 e5 2. Nf3 Nc6 3. Bb5 a6 4. Ba4 Nf6 5. d4 Nxd4 6. Nxd4 exd4 7. e5 Ne4 8. Qxd4 Nc5 9. Nc3 Be7 10. Nd5 O-O 11. Be3 d6 12. O-O-O b5 13. Bb3 Nxb3+ 14. axb3 dxe5 15. Qxe5 Bd6 16. Qh5 Bb7 17. Rhe1 Bxd5 18. Rxd5 Qf6 19. Rf5 Qg6 20. Qf3 Rae8 21. Rd1 f6 22. h4 Qf7 23. h5 Qe6 24. Bc5 Rd8 25. Rfd5 Bf4+ 26. Kb1 Rxd5 27. Qxd5 Qxd5 28. Rxd5 Re8 29. g3 Re5 30. Rd8+ Kf7 31. b4 Re1+ 32. Ka2 Bd6 33. Bxd6 cxd6 34. Rd7+ Ke6 35. Rxg7 Re2 36. c3 Rxf2 37. Rxh7 f5 38. Rh6+ Ke5 39. Rg6 Rh2 40. h6 Kd5 41. Kb3 Ke5 42. Ka3 Kd5 43. b3 Rh1 44. Kb2 Rh2+ 45. Kc1 Ke5 46. Kd1 Rb2 47. g4 fxg4 48. Rxg4 Rh2 49. Rg6 Rh3 50. Ke2 d5 51. Kf2 Kf5 52. Rc6 Kg4 53. Ke2 Kf4 54. Kd2 Rh2+ 55. Kd3 Ke5 56. Rxa6 Rh3+ 57. Kd2 Rh2+ 58. Ke1 Ke4 59. Kf1 Rh3 60. Rc6 Kf3 61. Kg1 Kf4 62. Kg2 Rg3+ 63. Kh2 Rg5 64. Rf6+ Kg4 65. Kg2 Rh5 66. Kf2 Rh2+ 1-0

[Event "Kavala op 11th"]
[Site "Kavala"]
[Date "2002.08.15"]
[Round "7"]
[White "Nikolaidis, Ioannis"]
[Black "Kapnisis, Spyridon"]
[Result "1-0"]
[WhiteElo "2502"]
[BlackElo "2393"]
[PlyCount "118"]
[EventDate "2002.08.10"]
[Source "ChessBase"]
[SourceDate "2002.09.11"]

1. Nf3 Nc6 2. e4 e5 3. Bb5 Nf6 4. d3 d6 5. c3 g6 6. O-O Bg7 7. Nbd2 O-O 8. Re1 a6 9. Ba4 Nd7 10. Nf1 Nc5 11. Bxc6 bxc6 12. d4 Ne6 13. dxe5 dxe5 14. Qa4 Bd7 15. Be3 Qb8 16. Rad1 Rd8 17. Qc2 Be8 18. Ng5 Nxg5 19. Bxg5 f6 20. Be3 Bf8 21. Rxd8 Qxd8 22. Rd1 Qb8 23. Nd2 Bf7 24. b3 Be6 25. Nc4 a5 26. Nb2 Qe8 27. Na4 Qf7 28. f3 h5 29. c4 f5 30. Nc5 Bxc5 31. Bxc5 a4 32. bxa4 Bxc4 33. exf5 gxf5 34. Re1 Re8 35. a5 Qd5 36. Be3 Rf8 37. Rd1 Qe6 38. Qc1 f4 39. Bc5 Ra8 40. Qc3 Re8 41. h3 Bb5 42. Re1 Qd5 43. Ba3 Kf7 44. Bb2 Kf6 45. Re4 Kf5 46. Kh2 Bd3 47. Ra4 Bb5 48. Ra3 Rg8 49. Qe1 Ba6 50. Rc3 Bb5 51. a4 Ba6 52. Rc2 Re8 53. Rd2 Qe6 54. Qe4+ Kg5 55. Rc2 Qd5 56. Qh7 Bd3 57. Qg7+ Bg6 58. Re2 Kf5 59. a6 Qa5 1-0

[Event "Dos Hermanas op 3rd"]
[Site "Dos Hermanas"]
[Date "2002.04.13"]
[Round "9"]
[White "Garcia Luque, Agustin"]
[Black "Rizouk, Aimen"]
[Result "1/2-1/2"]
[WhiteElo "2425"]
[BlackElo "2467"]
[PlyCount "30"]
[EventDate "2002.04.05"]
[Source "ChessBase"]
[SourceDate "2002.05.03"]

1. e4 e5 2. Nf3 Nc6 3. Bb5 Nf6 4. d3 d6 5. c3 g6 6. Nbd2 Bg7 7. O-O O-O 8. Re1 a6 9. Ba4 Nh5 10. Nf1 Bd7 11. d4 exd4 12. Nxd4 b5 13. Nxc6 Bxc6 14. Bb3 Rb8 15. f3 Re8 1/2-1/2

[Event "Budapest FS02 GM"]
[Site "Budapest"]
[Date "1996.??.??"]
[Round "8"]
[White "Cao Sang"]
[Black "Macieja, Bartlomiej"]
[Result "0-1"]
[WhiteElo "2455"]
[BlackElo "2430"]
[PlyCount "154"]
[EventDate "1996.02.??"]
[Source "ChessBase"]

1. e4 e5 2. Nf3 Nc6 3. Bb5 a6 4. Ba4 Nf6 5. d4 exd4 6. Qe2 Be7 7. e5 Nd5 8. O-O O-O 9. c3 dxc3 10. Bb3 cxb2 11. Bxb2 Nf4 12. Qe4 Ng6 13. Nc3 d6 14. Rad1 Re8 15. h4 Ncxe5 16. Nxe5 Nxe5 17. Nd5 Bxh4 18. Nxc7 Qxc7 19. Qxh4 Be6 20. Qd4 Bxb3 21. axb3 f6 22. Qxd6 Qxd6 23. Rxd6 Rad8 24. Bxe5 fxe5 25. Rb6 Re7 26. Re1 Kf7 27. Rb4 Rd4 28. Rb6 Ke8 29. Rc1 Kd8 30. Kf1 Rd2 31. Rb4 Rf7 32. f3 Rd4 33. Rxd4+ exd4 34. Rd1 Rd7 35. Ke2 Kc7 36. Kd3 Kb6 37. Rh1 h6 38. Rh5 a5 39. Re5 Ka6 40. f4 b5 41. f5 a4 42. b4 Kb6 43. Re6+ Kb7 44. f6 gxf6 45. Rxf6 Rc7 46. Kxd4 Rc4+ 47. Kd3 Rxb4 48. Rxh6 Rg4 49. Rf6 Rxg2 50. Kc3 Rg4 51. Rh6 Rc4+ 52. Kb2 Rc6 53. Rh8 Kb6 54. Ka3 Rc3+ 55. Kb2 Rg3 56. Rf8 Ka5 57. Rh8 Rg2+ 58. Kb1 a3 59. Rf8 Ka4 60. Rh8 b4 61. Rh4 Rb2+ 62. Ka1 Rd2 63. Kb1 Kb5 64. Rh5+ Kc4 65. Rh8 b3 66. Rc8+ Kd3 67. Rd8+ Ke3 68. Re8+ Kf4 69. Rf8+ Ke5 70. Re8+ Kf6 71. Rf8+ Kg7 72. Rf1 Rg2 73. Ka1 Kg6 74. Rd1 Kg5 75. Rh1 Kg4 76. Rd1 Kh3 77. Rh1+ Kg3 0-1

[Event "TCh-CZE 2002-3"]
[Site "Czech Rep"]
[Date "2003.03.15"]
[Round "8"]
[White "Rasik, Vitezslav"]
[Black "Berezjuk, Sergej"]
[Result "1-0"]
[WhiteElo "2436"]
[BlackElo "2448"]
[PlyCount "91"]
[EventDate "2003.01.01"]
[Source "Roberto Alvarez"]
[SourceDate "2003.04.28"]

1. e4 e5 2. Nf3 Nc6 3. Bb5 Nf6 4. d3 d6 5. c3 a6 6. Ba4 g6 7. Nbd2 Bg7 8. O-O O-O 9. Re1 b5 10. Bb3 Na5 11. Bc2 c5 12. d4 Qc7 13. h3 cxd4 14. cxd4 Nc6 15. d5 Nb4 16. Bb1 a5 17. Nf1 Bd7 18. Bd2 Na6 19. Bd3 b4 20. Rc1 Qb8 21. Be3 Nh5 22. N1d2 Nf4 23. Bf1 f5 24. exf5 Bxf5 25. Nc4 Be4 26. Ng5 Bf5 27. Ne6 Nxe6 28. dxe6 Bxe6 29. Nb6 Ra7 30. Na4 Nc5 31. Nxc5 dxc5 32. Bxc5 Rd7 33. Qa4 Rc8 34. Bc4 Bxc4 35. Qxd7 Rxc5 36. Rxc4 Rxc4 37. Qd5+ Kh8 38. Qxc4 h5 39. Rd1 Qf8 40. Qc7 Kh7 41. Rd7 Kh6 42. Qc1+ Kh7 43. Qc4 Kh6 44. Qf7 Qxf7 45. Rxf7 e4 46. b3 1-0

[Event "ESP Ch"]
[Site "Zamora"]
[Date "1996.??.??"]
[Round "8"]
[White "Ochoa de Echaguen, Javier"]
[Black "Fernandez Garcia, Jose L"]
[Result "1/2-1/2"]
[WhiteElo "2410"]
[BlackElo "2465"]
[PlyCount "39"]
[EventDate "1996.??.??"]
[Source "www.chesslib.no"]
[SourceDate "2004.05.04"]

1. e4 e5 2. Nf3 Nc6 3. Bb5 Nf6 4. d3 d6 5. c3 a6 6. Ba4 Be7 7. Nbd2 O-O 8. O-O b5 9. Bb3 Na5 10. Bc2 c5 11. d4 cxd4 12. cxd4 Qc7 13. b3 Bg4 14. Bb2 Nc6 15. h3 Nxd4 16. Bxd4 Bxf3 17. Nxf3 exd4 18. Rc1 Qb6 19. Nxd4 g6 20. Bb1 1/2-1/2

[Event "Budapest FS04 GM"]
[Site "Budapest"]
[Date "2001.04.14"]
[Round "8"]
[White "Fogarasi, Tibor"]
[Black "Kritz, Leonid"]
[Result "0-1"]
[WhiteElo "2446"]
[BlackElo "2427"]
[PlyCount "84"]
[EventDate "2001.04.07"]
[Source "ChessBase"]
[SourceDate "2001.07.03"]

1. e4 e5 2. Nf3 Nc6 3. Bb5 Nf6 4. d3 d6 5. c3 a6 6. Ba4 g6 7. O-O b5 8. Bb3 Bg7 9. a4 Bb7 10. Re1 O-O 11. Nbd2 Na5 12. Ba2 c5 13. b4 cxb4 14. cxb4 Nc6 15. Rb1 d5 16. Ba3 d4 17. Nb3 Qd6 18. Qc1 Nd7 19. Na5 Nd8 20. Nxb7 Nxb7 21. Bd5 Rac8 22. Qd2 Nd8 23. Rec1 Nc6 24. a5 Ne7 25. Bb3 Ra8 26. Rc2 Ra7 27. Rbc1 h6 28. Rc5 Nxc5 29. bxc5 Qf6 30. c6 Rc8 31. Rc5 Nxc6 32. Nxe5 Bf8 33. Rxc6 Rxc6 34. Nxc6 Qxc6 35. Bxf8 Kxf8 36. Qxh6+ Ke7 37. g3 Rc7 38. Qh8 Qf6 39. Qb8 Kd7 40. Kg2 g5 41. h3 Rc3 42. Bd5 Rxd3 0-1

[Event "Moscow Veterans"]
[Site "Moscow"]
[Date "1991.??.??"]
[Round "?"]
[White "Kholmov, Ratmir D"]
[Black "Reshevsky, Samuel Herman"]
[Result "1/2-1/2"]
[WhiteElo "2445"]
[BlackElo "2415"]
[PlyCount "20"]
[EventDate "1991.06.??"]
[Source "ChessBase"]

1. e4 e5 2. Nf3 Nc6 3. Bb5 a6 4. Bxc6 dxc6 5. O-O Nf6 6. d4 exd4 7. Nxd4 c5 8. Nb3 Qxd1 9. Rxd1 Bd7 10. Bf4 O-O-O 1/2-1/2

[Event "Yerevan"]
[Site "Yerevan"]
[Date "1977.??.??"]
[Round "4"]
[White "Malevinsky, Alexander A"]
[Black "Katalymov, Boris N"]
[Result "1/2-1/2"]
[WhiteElo "2440"]
[BlackElo "2415"]
[PlyCount "61"]
[EventDate "1977.??.??"]
[Source "ChessBase"]

1. e4 e5 2. Nf3 Nc6 3. Bb5 Nf6 4. d3 d6 5. c3 a6 6. Ba4 g6 7. Nbd2 Bg7 8. Nf1 O-O 9. Ng3 b5 10. Bc2 d5 11. Qe2 dxe4 12. dxe4 Be6 13. Bb3 Bc8 14. O-O Na5 15. Nxe5 Nxb3 16. axb3 Bb7 17. Nd3 Nxe4 18. Nxe4 Re8 19. f3 f5 20. Ndc5 Bc6 21. Bf4 fxe4 22. Nxe4 Qe7 23. b4 Bxe4 24. fxe4 c5 25. bxc5 Qxc5+ 26. Kh1 Re6 27. Qd3 Qc4 28. Qxc4 bxc4 29. Rfe1 Rae8 30. g3 Rxe4 31. Rxe4 1/2-1/2

[Event "Corr"]
[Site "corr"]
[Date "1994.??.??"]
[Round "?"]
[White "Usachy, Mark V"]
[Black "Malis, Jiri"]
[Result "1-0"]
[WhiteElo "2440"]
[BlackElo "2415"]
[PlyCount "77"]
[EventDate "1994.??.??"]
[Source "www.chesslib.no"]
[SourceDate "2004.05.04"]

1. e4 e5 2. Nf3 Nc6 3. Bb5 a6 4. Ba4 Nf6 5. d4 exd4 6. e5 Ne4 7. Nxd4 Nxf2 8. Kxf2 Qh4+ 9. Ke3 Qxd4+ 10. Qxd4 Nxd4 11. Kxd4 c5+ 12. Ke3 b5 13. Bb3 c4 14. Bxc4 bxc4 15. Re1 a5 16. Nd2 Bb7 17. Re2 Bb4 18. Kd4 Rc8 19. Ne4 O-O 20. a3 Be7 21. Bg5 f6 22. exf6 gxf6 23. Bf4 Rc6 24. Ng3 Bc5+ 25. Kc3 d5 26. Nf5 d4+ 27. Nxd4 Bxd4+ 28. Kxd4 c3 29. b3 Rd8+ 30. Ke3 Ba6 31. Ree1 Rd2 32. Kf3 Rxc2 33. Re8+ Kf7 34. Rae1 Rc8 35. R8e7+ Kf8 36. Ra7 Bb5 37. g4 Bc6+ 38. Kg3 Re8 39. Bh6+ 1-0

[Event "Santa Fe Bogota 4th"]
[Site "Bogota COL"]
[Date "1979.??.??"]
[Round "2"]
[White "Nogueiras, Jesus"]
[Black "Garcia, Gildardo"]
[Result "1-0"]
[WhiteElo "2435"]
[BlackElo "2410"]
[PlyCount "73"]
[EventDate "1979.??.??"]
[Source "www.chesslib.no"]
[SourceDate "2004.05.04"]

1. e4 e5 2. Nf3 Nc6 3. Bb5 a6 4. Ba4 Nf6 5. d4 b5 6. Bb3 exd4 7. O-O Be7 8. e5 Ne4 9. Bd5 Nc5 10. Nxd4 Bb7 11. Nf5 O-O 12. Be3 Ne6 13. Nc3 Re8 14. Nxe7+ Qxe7 15. f4 Rad8 16. Ne4 d6 17. exd6 cxd6 18. f5 Nc7 19. f6 Qe5 20. Qg4 g6 21. Bxf7+ Kxf7 22. Ng5+ Kf8 23. Nxh7+ Kf7 24. Ng5+ Kf8 25. Qh4 Qxe3+ 26. Rf2 Qxg5 27. Qxg5 Kf7 28. Qh6 Ke6 29. f7 Rf8 30. Qxg6+ Kd7 31. Qg4+ Ke7 32. Rd1 Ne6 33. Qf5 d5 34. Qf6+ Kd6 35. Re2 Bc8 36. Rxe6+ Bxe6 37. Re1 1-0